Word Ladder No.2 - Statistics

General Stats
  • This quiz has been taken 18 times
  • The average score is 16 of 27
Answer Stats
Hint Answer % Correct
What one does to chess pieces MOVE
88%
Politician opposite Bush during the 2000 presidential election GORE
81%
Instrument on a popular Irish brew HARP
81%
Where one might place a hot pie to cool SILL
81%
Opposite of won't WILL
81%
What seven ate NINE
75%
Found in a riverbed SILT
75%
Fantasy media often builds this LORE
69%
All you need is ____ LOVE
69%
Pinot grigio, for example WINE
69%
Popular milkshake additive MALT
63%
2010 film starring Angelina Jolie SALT
63%
Character in famous fable written by Aesop HARE
56%
Informant MOLE
56%
Major sponsor of Oregon football NIKE
56%
Speed measurement in Star Trek WARP
56%
"Take a ____!" HIKE
50%
Homophone of the inverse of "lower" HIRE
50%
Deceitful or slippery, say ____ WILY
50%
XY MALE
44%
One who mimes MIMER
44%
Scrooge MISER
44%
Cautious WARY
44%
Ancient Romans used to do this with a sponge on a stick WIPE
44%
More sage than WISER
44%
Pair of these can be found on ones car (Add 1 letter) WIPER
38%
Like the space behind ones computer desk WIRY
38%
No matching quizzes found
Score Distribution
Percent of People with Each Score
Percentile by Number Answered
Your Score History
You have not taken this quiz